Mirza Ghalib royal park mein (Record no. 53701)

MARC details
000 -LEADER
fixed length control field 00305nam a2200133Ia 4500
008 - FIXED-LENGTH DATA ELEMENTS--GENERAL INFORMATION
fixed length control field 230917s9999||||xx |||||||||||||| ||und||
020 ## - ISBN
Price RS12
040 ## - CATALOGING SOURCE
-- 191964
Original cataloging agency VIVEKANANDA LIBRARY
041 ## - Language
-- English
082 ## - DDC NUMBER
Classification number 891.4391 G341H:M
100 ## - MAIN ENTRY--PERSONAL NAME
Personal name Hameed, A
245 #0 - TITLE STATEMENT
Title Mirza Ghalib royal park mein
942 ## - ADDED ENTRY ELEMENTS (KOHA)
Koha item type Books
Holdings
Withdrawn status Lost status Damaged status Not for loan Location (home branch) Sublocation or collection (holding branch) Date acquired Koha issues (times borrowed) Koha full call number Accession No. Koha date last seen Koha item type
        VIVEKANANDA LIBRARY VIVEKANANDA LIBRARY 20/10/2011   891.4391 G341H:M 123022 17/09/2023 Books
        VIVEKANANDA LIBRARY VIVEKANANDA LIBRARY 20/10/2011   891.4391 G341H:M 79086 17/09/2023 Books
© Designed and Maintained by Vivekananda Library, MDU Rohtak